[Event "India rating op"]
[Site "India"]
[Date "2019.02.03"]
[Round "2"]
[White "Tambe, Shardul"]
[Black "Mehar, Chinna Reddy CH"]
[Result "0-1"]
[WhiteElo "1333"]
[BlackElo "2321"]
[PlyCount "66"]
[EventDate "2019.02.03"]
[EventType "swiss"]
[EventRounds "11"]
[EventCountry "IND"]
[SourceTitle "EXT 2021"]
[Source "ChessBase"]
[SourceDate "2020.10.23"]
[SourceVersion "1"]
[SourceVersionDate "2020.10.23"]
[SourceQuality "1"]

1. d4 d5 2. c4 c6 3. Nf3 Nf6 4. Nc3 a6 5. Bf4 dxc4 6. a4 e6 7. e3 Nd5 8. Bxb8 Rxb8 9. Bxc4 Bb4 10. Bxd5 exd5 11. Rc1 0-0 12. 0-0 Bg4 13. h3 Bh5 14. Re1 Re8 15. Qe2 Ba5 16. Red1 Bc7 17. Qd3 Bxf3 18. gxf3 Qh4 19. Kg2 Re6 20. Rh1 Rbe8 21. Ne2 Rf6 22. f4 Rfe6 23. Ng3 g6 24. Rcg1 R6e7 25. Kf1 Kf8 26. Ke1 Bxf4 27. Kd2 Bh6 28. Kc2 Bxe3 29. fxe3 Rxe3 30. Qf1 Rxg3 31. Rxg3 Qxg3 32. Rg1 Qe3 33. Qd1 Qf2+ 0-1

[Event "Mumbai Wealth op U13 4th"]
[Site "Mumbai"]
[Date "2019.01.06"]
[Round "8"]
[White "Tambe, Shardul"]
[Black "Marium, Fatima"]
[Result "1-0"]
[WhiteElo "1250"]
[BlackElo "1494"]
[PlyCount "120"]
[EventDate "2018.12.30"]
[EventType "swiss"]
[EventRounds "9"]
[EventCountry "IND"]
[SourceTitle "CBM 188 Extra"]
[Source "ChessBase"]
[SourceDate "2019.02.28"]
[SourceVersion "1"]
[SourceVersionDate "2019.02.28"]
[SourceQuality "1"]

1. d4 Nf6 2. c4 e6 3. Nc3 d5 4. Bg5 Be7 5. Nf3 b6 6. cxd5 Nxd5 7. Nxd5 exd5 8. Bxe7 Qxe7 9. a3 0-0 10. e3 Bg4 11. Be2 Nd7 12. Rc1 Qd6 13. Qc2 Bxf3 14. Bxf3 c5 15. dxc5 bxc5 16. Rd1 Nb6 17. 0-0 Rad8 18. Rd2 Rfe8 19. Rc1 c4 20. Rd4 Qe5 21. Rcd1 Rd6 22. g3 Ree6 23. Qd2 h6 24. Qa5 Rf6 25. Bg2 Qf5 26. Qd2 Rd7 27. e4 Qe5 28. exd5 Rfd6 29. Re1 Qf6 30. Re8+ Kh7 31. Rf4 Qg5 32. Qc2+ f5 33. Rxf5 Qg6 34. Be4 Qxe8 35. Rf8+ Qg6 36. Bxg6+ Rxg6 37. Rh8+ Kxh8 38. Qxg6 Rxd5 39. Kf1 Rd8 40. Qf7 Rd7 41. Qe8+ Kh7 42. Qe4+ Kh8 43. Ke1 Rd5 44. f4 Rd8 45. g4 Rf8 46. g5 hxg5 47. fxg5 Rc8 48. g6 Kg8 49. Qe6+ Kh8 50. Qh3+ Kg8 51. Qh7+ Kf8 52. Qh8+ Ke7 53. Qxg7+ Kd6 54. Qf6+ Kd7 55. Qf7+ Kd6 56. g7 Rc7 57. Qf6+ Kd5 58. g8Q+ Kc5 59. Qe5+ Kc6 60. Qe4+ Kc5 1-0

[Event "Mumbai Wealth op U13 4th"]
[Site "Mumbai"]
[Date "2019.01.01"]
[Round "3"]
[White "Tambe, Shardul"]
[Black "Pingale, Shivraj Jaywant"]
[Result "0-1"]
[WhiteElo "1250"]
[BlackElo "1580"]
[PlyCount "76"]
[EventDate "2018.12.30"]
[EventType "swiss"]
[EventRounds "9"]
[EventCountry "IND"]
[SourceTitle "CBM 188 Extra"]
[Source "ChessBase"]
[SourceDate "2019.02.28"]
[SourceVersion "1"]
[SourceVersionDate "2019.02.28"]
[SourceQuality "1"]

1. d4 d5 2. c4 c6 3. Nf3 Nf6 4. Nc3 e6 5. e3 Bd6 6. Qc2 Nbd7 7. Bd2 0-0 8. Bd3 dxc4 9. Bxc4 b5 10. Bd3 Bb7 11. 0-0 a6 12. Ne4 Nxe4 13. Bxe4 Nf6 14. b4 Nxe4 15. Qxe4 Qe7 16. Qb1 a5 17. a3 a4 18. Qd3 f6 19. Rac1 e5 20. dxe5 fxe5 21. e4 Bc7 22. Be3 Qe6 23. Qc2 Rf6 24. Rfd1 Bc8 25. Ng5 Qe8 26. Qa2+ Kh8 27. Rd3 h6 28. Nf3 Be6 29. Qb2 Bc4 30. Rd2 Bb3 31. Rc3 Rd8 32. Rcd3 Rxd3 33. Rxd3 Bc4 34. Rd2 Kh7 35. Qc3 Rxf3 36. gxf3 Qg6+ 37. Kh1 Bf1 38. Rd1 Qg2# 0-1